[Event "Titled Tuesday intern op 02nd Apr Early"]
[Site "Chess.com INT"]
[Date "2024.04.02"]
[Round "9"]
[White "Butti, Enrique"]
[Black "Lauda, Alexandr"]
[Result "0-1"]
[WhiteElo "1989"]
[BlackElo "2198"]
[PlyCount "106"]
[EventDate "2024.04.02"]
[EventType "swiss (blitz)"]
[EventRounds "11"]
[EventCountry "USA"]
[SourceTitle "CB15_2024"]
[SourceDate "2024.04.10"]
[SourceVersion "1"]
[SourceVersionDate "2024.04.10"]
[SourceQuality "1"]

1. d4 Nf6 2. c4 e6 3. Nf3 b6 4. e3 Bb7 5. Bd3 Ne4 6. 0-0 f5 7. Nc3 Nxc3 8. bxc3 Be7 9. c5 0-0 10. cxb6 axb6 11. c4 Bf6 12. Bb2 d6 13. Qc2 Nd7 14. d5 Bxb2 15. Qxb2 Nc5 16. Bc2 e5 17. Nd2 g5 18. f4 gxf4 19. exf4 e4 20. Nb3 Na4 21. Qd4 Qf6 22. g4 Nc3 23. Qxf6 Rxf6 24. gxf5 Rxf5 25. Rae1 Rxa2 26. Bxe4 Rh5 27. Bg2 Kf7 28. Nd4 Bc8 29. f5 Rd2 30. Ne6 Ne2+ 31. Rxe2 Rxe2 32. Bf3 Rexh2 33. Bxh5+ Rxh5 34. Nxc7 Rxf5 35. Rb1 Rg5+ 36. Kf2 h5 37. Rxb6 Ke7 38. Nb5 h4 39. Rxd6 h3 40. Rh6 Bg4 41. d6+ Kd7 42. Rh7+ Kc6 43. Rc7+ Kb6 44. Rh7 Kc5 45. Ke3 Kxc4 46. Nc7 Rg8 47. Kf4 Kc5 48. Ke5 Kc6 49. Ne6 Re8 50. Re7 Rxe7 51. dxe7 Kd7 52. Ng5 h2 53. Kf6 h1Q 0-1

[Event "Titled Tuesday intern op 02nd Apr Early"]
[Site "Chess.com INT"]
[Date "2024.04.02"]
[Round "11"]
[White "Kiseljova, Marya"]
[Black "Lauda, Alexandr"]
[Result "1-0"]
[WhiteElo "2031"]
[BlackElo "2198"]
[PlyCount "103"]
[EventDate "2024.04.02"]
[EventType "swiss (blitz)"]
[EventRounds "11"]
[EventCountry "USA"]
[SourceTitle "CB15_2024"]
[SourceDate "2024.04.10"]
[SourceVersion "1"]
[SourceVersionDate "2024.04.10"]
[SourceQuality "1"]

1. d4 Nf6 2. Nc3 e6 3. Bf4 c5 4. e3 h6 5. Nf3 Nh5 6. Bg3 Nxg3 7. hxg3 Nc6 8. d5 exd5 9. Nxd5 d6 10. Bc4 g5 11. Nxg5 Qxg5 12. Nc7+ Kd8 13. Nxa8 Bg4 14. Qd2 Be7 15. Bd5 Kd7 16. f3 Be6 17. Bxe6+ fxe6 18. 0-0-0 Rxa8 19. g4 d5 20. Rh5 Qg7 21. Rdh1 Bg5 22. f4 Bf6 23. Rxh6 Bxb2+ 24. Kb1 Ne7 25. Rh7 Qf6 26. g5 Qc3 27. Qxc3 Bxc3 28. Rf7 Kd6 29. Rhh7 Re8 30. g4 d4 31. e4 e5 32. f5 c4 33. Rf6+ Kc5 34. Re6 d3 35. cxd3 cxd3 36. Rexe7 Rd8 37. Rc7+ Kb4 38. Rhd7 Rh8 39. Rxd3 Rh1+ 40. Kc2 Rh2+ 41. Kc1 Bb2+ 42. Kb1 Bd4 43. Rxb7+ Kc4 44. Rd1 Rg2 45. g6 Rxg4 46. g7 a5 47. f6 Kc3 48. Rc7+ Kb4 49. Rc8 Rg2 50. Rc2 Rg6 51. f7 Rxg7 52. f8Q+ 1-0

[Event "Titled Tuesday intern op 02nd Apr Early"]
[Site "Chess.com INT"]
[Date "2024.04.02"]
[Round "10"]
[White "Lauda, Alexandr"]
[Black "Orzech, Dominik"]
[Result "0-1"]
[WhiteElo "2198"]
[BlackElo "2248"]
[PlyCount "46"]
[EventDate "2024.04.02"]
[EventType "swiss (blitz)"]
[EventRounds "11"]
[EventCountry "USA"]
[SourceTitle "CB15_2024"]
[SourceDate "2024.04.10"]
[SourceVersion "1"]
[SourceVersionDate "2024.04.10"]
[SourceQuality "1"]

1. e4 c5 2. d4 cxd4 3. c3 d3 4. c4 Nc6 5. Bxd3 g6 6. Nf3 Bg7 7. 0-0 d6 8. h3 Bd7 9. Nc3 Bxc3 10. bxc3 Qa5 11. Qc2 Nf6 12. Nd4 0-0 13. f4 Rfc8 14. Nb3 Qb6+ 15. Kh2 a5 16. a4 Be6 17. Rb1 Qc7 18. f5 Bd7 19. fxg6 hxg6 20. e5 Nxe5 21. Be2 Bxa4 22. Bg5 d5 23. Qc1 Nf3+ 0-1

[Event "Titled Tuesday intern op 02nd Apr Late"]
[Site "Chess.com INT"]
[Date "2024.04.02"]
[Round "2"]
[White "Lauda, Alexandr"]
[Black "Potapova, Margarita"]
[Result "0-1"]
[WhiteElo "2198"]
[BlackElo "2112"]
[PlyCount "68"]
[EventDate "2024.04.02"]
[EventType "swiss (blitz)"]
[EventRounds "11"]
[EventCountry "USA"]
[SourceTitle "CB15_2024"]
[SourceDate "2024.04.10"]
[SourceVersion "1"]
[SourceVersionDate "2024.04.10"]
[SourceQuality "1"]

1. e4 e6 2. d4 d5 3. e5 c5 4. c3 Bd7 5. Nf3 a6 6. Bd3 Bb5 7. 0-0 Nh6 8. Bxb5+ axb5 9. dxc5 Bxc5 10. Bg5 Be7 11. Bxe7 Qxe7 12. Nd4 Nc6 13. Nxb5 Nxe5 14. Qd4 f6 15. Nd2 0-0 16. Kh1 Nf5 17. Qf4 g5 18. Qb4 Qf7 19. Nd4 Nc6 20. Nxc6 bxc6 21. c4 Rfb8 22. Qc3 d4 23. Qc2 c5 24. a3 Nh4 25. Ne4 Qg6 26. f3 Nf5 27. Rf2 Ne3 28. Qd3 Rc8 29. Re1 f5 30. Nd6 Rd8 31. Nb5 e5 32. Rd2 Qh5 33. b4 Qh4 34. Rde2 e4 0-1

[Event "MDA-ch"]
[Site "Kishinev"]
[Date "2024.02.07"]
[Round "5"]
[White "Talmaci, Arsenie"]
[Black "Lauda, Alexandr"]
[Result "0-1"]
[WhiteElo "1759"]
[BlackElo "2191"]
[PlyCount "100"]
[EventDate "2024.02.03"]
[EventType "swiss"]
[EventRounds "7"]
[EventCountry "MDA"]
[SourceTitle "CB07_2024"]
[SourceDate "2024.02.14"]
[SourceVersion "1"]
[SourceVersionDate "2024.02.14"]
[SourceQuality "1"]

1. d4 d5 2. c4 Nc6 3. cxd5 Qxd5 4. Nf3 e5 5. Nc3 Bb4 6. dxe5 Bxc3+ 7. bxc3 Qxd1+ 8. Kxd1 Bg4 9. Bg5 h6 10. Bh4 Nge7 11. h3 Bxf3 12. exf3 Nf5 13. Bg3 0-0-0+ 14. Kc2 Nxg3 15. fxg3 Nxe5 16. f4 Nd7 17. Bc4 Rhf8 18. Rhe1 Nb6 19. Bb3 Rd7 20. Rad1 c5 21. Re4 f5 22. Rxd7 fxe4 23. Rf7 Re8 24. Rf5 c4 25. Bxc4 Nxc4 26. Rc5+ Kd7 27. Rxc4 e3 28. Kd1 e2+ 29. Ke1 Re3 30. g4 Rg3 31. Re4 Rxg2 32. Rxe2 Rg3 33. Kd2 Rxh3 34. Rg2 Rf3 35. f5 Ke7 36. Re2+ Kf7 37. Re4 Rf2+ 38. Ke3 Rxa2 39. Rb4 b6 40. Rc4 Ra5 41. Rc7+ Kf6 42. Rc6+ Ke5 43. Rg6 Rc5 44. Rxg7 Rxc3+ 45. Kd2 Rg3 46. Rxa7 Rxg4 47. Rh7 Rd4+ 48. Ke3 Rd6 49. Rf7 Rf6 50. Rb7 Kxf5 0-1

[Event "MDA-ch"]
[Site "Kishinev"]
[Date "2024.02.06"]
[Round "4"]
[White "Lauda, Alexandr"]
[Black "Gubin, Dmitrii"]
[Result "0-1"]
[WhiteElo "2191"]
[BlackElo "2064"]
[PlyCount "120"]
[EventDate "2024.02.03"]
[EventType "swiss"]
[EventRounds "7"]
[EventCountry "MDA"]
[SourceTitle "CB07_2024"]
[SourceDate "2024.02.14"]
[SourceVersion "1"]
[SourceVersionDate "2024.02.14"]
[SourceQuality "1"]

1. e4 c6 2. Nc3 d5 3. Nf3 dxe4 4. Nxe4 Nf6 5. Nxf6+ exf6 6. h3 Bd6 7. d4 0-0 8. Be2 Be6 9. 0-0 Na6 10. c4 Nc7 11. b3 a5 12. a3 Re8 13. Be3 Qd7 14. Re1 b5 15. a4 bxc4 16. bxc4 Bb4 17. Bd2 Rab8 18. Bf1 Red8 19. Rb1 Na6 20. Bxb4 Nxb4 21. Rb2 g6 22. Rd2 Qc7 23. Re3 Rd6 24. Qa1 Bf5 25. Qc3 Rbd8 26. g4 Bd7 27. Bg2 Re6 28. d5 Rxe3 29. fxe3 cxd5 30. Qxf6 Bxa4 31. cxd5 Rxd5 32. Rxd5 Nxd5 33. Qd4 Nc3 34. Kh1 Bb3 35. h4 Nb5 36. Qe4 Nd6 37. Qe5 Be6 38. Ng5 Ne8 39. Qb5 Bd7 40. Qb3 Nd6 41. Bd5 Bc6 42. e4 h6 43. Bxc6 Qxc6 44. Qb8+ Ne8 45. Nh3 Qxe4+ 46. Kh2 Qe2+ 47. Kg3 Kh7 48. h5 Qd3+ 49. Kg2 Nf6 50. hxg6+ Qxg6 51. g5 Ne4 52. Qb5 Nxg5 53. Qxa5 Qe4+ 54. Kh2 Qe2+ 55. Kh1 Qf3+ 56. Kg1 Nxh3+ 57. Kh2 Ng5 58. Qc7 Qe2+ 59. Kh1 h5 60. Qd8 Qf3+ 0-1

[Event "MDA-ch"]
[Site "Kishinev"]
[Date "2024.02.04"]
[Round "2"]
[White "Lauda, Alexandr"]
[Black "Baranciuc, Alexandr"]
[Result "1-0"]
[WhiteElo "2191"]
[BlackElo "2336"]
[PlyCount "83"]
[EventDate "2024.02.03"]
[EventType "swiss"]
[EventRounds "7"]
[EventCountry "MDA"]
[SourceTitle "CB07_2024"]
[SourceDate "2024.02.14"]
[SourceVersion "1"]
[SourceVersionDate "2024.02.14"]
[SourceQuality "1"]

1. e4 e5 2. Nf3 Nc6 3. Bb5 a6 4. Ba4 Bc5 5. 0-0 Nge7 6. c3 Ba7 7. d4 Ng6 8. Kh1 0-0 9. Bg5 f6 10. Be3 d6 11. Nbd2 Kh8 12. Bxc6 bxc6 13. Nc4 d5 14. Ncd2 dxe4 15. Nxe4 f5 16. Nc5 Bxc5 17. dxc5 Qe7 18. Re1 Be6 19. Qe2 Bd5 20. Bg5 Qxc5 21. Nxe5 Nxe5 22. Qxe5 Qxf2 23. Qg3 Qxb2 24. Bf4 Rae8 25. c4 Be4 26. h4 Re6 27. h5 Rfe8 28. Kh2 h6 29. Rad1 R8e7 30. Rd2 Qf6 31. Red1 Kh7 32. Rd8 Qf7 33. Qh3 g5 34. hxg6+ Rxg6 35. R1d2 Qxc4 36. Be5 Rg8 37. Bf6 Rf7 38. Rxg8 Rxf6 39. Rd7+ Rf7 40. Rh8+ Kxh8 41. Qxh6+ Kg8 42. Rd8+ 1-0

[Event "Torino op 53rd"]
[Site "Torino"]
[Date "2024.01.04"]
[Round "4"]
[White "Defromont, Benjamin"]
[Black "Lauda, Alexandr"]
[Result "1/2-1/2"]
[WhiteElo "2423"]
[BlackElo "2182"]
[PlyCount "133"]
[EventDate "2024.01.02"]
[EventType "swiss"]
[EventRounds "9"]
[EventCountry "ITA"]
[SourceTitle "CB02_2024"]
[SourceDate "2024.01.10"]
[SourceVersion "1"]
[SourceVersionDate "2024.01.10"]
[SourceQuality "1"]

1. e4 e6 2. d4 d5 3. Nc3 Nf6 4. e5 Nfd7 5. f4 c5 6. Nf3 Nc6 7. Be3 Qb6 8. Na4 Qa5+ 9. c3 cxd4 10. b4 Nxb4 11. cxb4 Bxb4+ 12. Bd2 Bxd2+ 13. Nxd2 b6 14. Bd3 Ba6 15. Nb2 Nc5 16. Bxa6 Qxa6 17. Qe2 Qa3 18. Qb5+ Ke7 19. 0-0 Qe3+ 20. Rf2 Rhc8 21. Nf1 Qc3 22. Rd1 Ne4 23. Rf3 Qc5 24. Qb3 d3+ 25. Ne3 d2 26. Nd3 Qd4 27. Nf2 Rc3 28. Qxd5 exd5 29. Nf5+ Kd7 30. Nxd4 Rc1 31. Nb3 Nxf2 32. Rxc1 dxc1Q+ 33. Nxc1 Ne4 34. Rd3 Ke6 35. Ne2 Rc8 36. Nd4+ Kd7 37. Nb3 Nc3 38. Kf2 Ke7 39. a3 g6 40. g4 Ne4+ 41. Ke3 Rc3 42. Rxc3 Nxc3 43. Kd4 Nb5+ 44. Kxd5 Nxa3 45. Nd4 a5 46. f5 gxf5 47. gxf5 a4 48. Nc6+ Ke8 49. e6 Nb5 50. Kc4 Nd6+ 51. Kb4 Nxf5 52. exf7+ Kxf7 53. Ne5+ Ke6 54. Nc4 b5 55. Kxb5 Nd6+ 56. Nxd6 a3 57. Ne4 a2 58. Nc5+ Kf5 59. Nb3 Kg4 60. Kb4 Kh3 61. Ka3 Kxh2 62. Kxa2 h5 63. Nd4 Kg3 64. Nf5+ Kg4 65. Ne3+ Kf4 66. Ng2+ Kg3 67. Ne3 1/2-1/2

[Event "Torino op 53rd"]
[Site "Torino"]
[Date "2024.01.03"]
[Round "3"]
[White "Lauda, Alexandr"]
[Black "Vairo, Rocco Enrico"]
[Result "1-0"]
[WhiteElo "2182"]
[BlackElo "2060"]
[PlyCount "75"]
[EventDate "2024.01.02"]
[EventType "swiss"]
[EventRounds "9"]
[EventCountry "ITA"]
[SourceTitle "CB02_2024"]
[SourceDate "2024.01.10"]
[SourceVersion "1"]
[SourceVersionDate "2024.01.10"]
[SourceQuality "1"]

1. e4 c5 2. Nf3 e6 3. d4 cxd4 4. Nxd4 Nf6 5. Nc3 Nc6 6. Nxc6 bxc6 7. Bd3 e5 8. 0-0 Bb4 9. f4 exf4 10. Bxf4 0-0 11. Kh1 d6 12. Bg5 Qe7 13. Qf3 Qe5 14. Bxf6 Qxf6 15. Qxf6 gxf6 16. Rxf6 Bxc3 17. bxc3 Be6 18. a4 Rab8 19. a5 Rb2 20. g4 c5 21. c4 Rb4 22. g5 Rd8 23. Kg1 Rd7 24. a6 Rd8 25. Ra5 Rb6 26. e5 dxe5 27. Rxc5 e4 28. Bxe4 Rd1+ 29. Kf2 Rxa6 30. Rh6 Rd4 31. Bxh7+ Kf8 32. Bd3 Ra3 33. g6 fxg6 34. Rxg6 Bf7 35. Rf6 Ke7 36. Rh6 Rf4+ 37. Ke2 a5 38. Re5+ 1-0

[Event "Torino op 53rd"]
[Site "Torino"]
[Date "2024.01.02"]
[Round "1"]
[White "Lauda, Alexandr"]
[Black "Agresta, Giulio"]
[Result "1-0"]
[WhiteElo "2182"]
[BlackElo "2029"]
[PlyCount "61"]
[EventDate "2024.01.02"]
[EventType "swiss"]
[EventRounds "9"]
[EventCountry "ITA"]
[SourceTitle "CB02_2024"]
[SourceDate "2024.01.10"]
[SourceVersion "1"]
[SourceVersionDate "2024.01.10"]
[SourceQuality "1"]

1. d4 Nf6 2. c4 e6 3. Nf3 d5 4. g3 Be7 5. Bg2 0-0 6. 0-0 dxc4 7. Ne5 Nc6 8. Nxc6 bxc6 9. Na3 Bxa3 10. bxa3 Rb8 11. a4 Nd5 12. Ba3 Re8 13. Bc5 Ba6 14. Qc2 e5 15. dxe5 Rxe5 16. Bxa7 Rb7 17. Bd4 Re8 18. Rfd1 Qe7 19. Bf3 Qa3 20. Qf5 c3 21. Qd7 Rbb8 22. Qxc6 Bb7 23. Qc4 c2 24. Qxc2 Nb4 25. Qf5 Bxf3 26. Qg5 f6 27. Bxf6 g6 28. exf3 Qxf3 29. Rd7 Re2 30. Rg7+ Kf8 31. Qc5+ 1-0

[Event "Sebes GP op"]
[Site "Sebes"]
[Date "2023.11.04"]
[Round "3"]
[White "Lauda, Alexandr"]
[Black "Petkov, Momchil"]
[Result "0-1"]
[WhiteElo "2156"]
[BlackElo "2499"]
[PlyCount "120"]
[EventDate "2023.11.04"]
[EventType "swiss"]
[EventRounds "10"]
[EventCountry "ROU"]
[SourceTitle "CB46_2023"]
[SourceDate "2023.11.15"]
[SourceVersion "1"]
[SourceVersionDate "2023.11.15"]
[SourceQuality "1"]

1. e4 c5 2. Nf3 Nc6 3. d4 cxd4 4. Nxd4 Nf6 5. Nc3 d6 6. Bc4 e6 7. Be3 Bd7 8. f4 d5 9. exd5 exd5 10. Bb3 Be7 11. 0-0 Ng4 12. Nxd5 Nxe3 13. Nxe3 0-0 14. Nxc6 Bxc6 15. Kh1 Bc5 16. Nd5 a5 17. a4 Qh4 18. Rf3 Rae8 19. Rh3 Qf2 20. Rf3 Qd4 21. Qxd4 Bxd4 22. c3 Bc5 23. Rg3 Re2 24. f5 Rxb2 25. Bc4 Rd8 26. Nf6+ Kh8 27. Nh5 Rdd2 28. Nf4 Bd6 29. Rf1 Bxf4 30. Rxf4 Rd1+ 31. Bf1 Kg8 32. Kg1 f6 33. Rd4 Rxd4 34. cxd4 Bxa4 35. Ra3 Rb4 36. d5 Kf8 37. d6 Rd4 38. Be2 b5 39. Rh3 h6 40. Bh5 Rd5 41. Rc3 Rxd6 42. Rc7 Bb3 43. Rb7 Bc4 44. Kf2 a4 45. Ke3 a3 46. Rb8+ Ke7 47. Re8+ Kd7 48. Ra8 a2 49. Be8+ Kc7 50. Bxb5 Bxb5 51. Rxa2 Ra6 52. Rc2+ Kd7 53. g4 Ra3+ 54. Kd4 Ra4+ 55. Kc5 Bf1 56. Rd2+ Ke7 57. Rf2 Bh3 58. Re2+ Kf7 59. Kd6 Rd4+ 60. Kc7 Bxg4 0-1

[Event "HUN-ch Rapid"]
[Site "Ajka"]
[Date "2023.07.23"]
[Round "11"]
[White "Lauda, Alexandr"]
[Black "Kozul, Zdenko"]
[Result "0-1"]
[WhiteElo "2108"]
[BlackElo "2532"]
[PlyCount "112"]
[EventDate "2023.07.21"]
[EventType "swiss (rapid)"]
[EventRounds "13"]
[EventCountry "HUN"]
[SourceTitle "CBM 215 Extra"]
[Source "ChessBase"]
[SourceDate "2023.09.30"]
[SourceVersion "1"]
[SourceVersionDate "2023.09.30"]
[SourceQuality "1"]

1. e4 c5 2. Nf3 d6 3. d4 cxd4 4. Nxd4 Nf6 5. Nc3 Nc6 6. Bc4 Qb6 7. Nb3 e6 8. Be3 Qc7 9. Be2 a6 10. a4 b6 11. 0-0 Be7 12. f4 0-0 13. g4 Nd7 14. Qe1 Re8 15. Qf2 Nc5 16. Nd4 Bb7 17. Bf3 Nxd4 18. Bxd4 e5 19. Be3 exf4 20. Bxf4 Bf6 21. Rad1 Rad8 22. g5 Bxc3 23. bxc3 Bxe4 24. Rxd6 Rxd6 25. Bxd6 Qxd6 26. Bxe4 Qe7 27. Bg2 Rf8 28. Qf4 Ne6 29. Qe5 a5 30. h4 Qc5+ 31. Qxc5 Nxc5 32. Rf4 Rd8 33. Bc6 Kf8 34. Rd4 Ke7 35. Kf2 Rd6 36. Bb5 h6 37. gxh6 Rxh6 38. Rg4 Rf6+ 39. Ke3 Re6+ 40. Kf3 g6 41. Bd3 Re1 42. Bc4 Ra1 43. Bb3 Ra3 44. Rf4 Nxb3 45. cxb3 Rxb3 46. Rc4 b5 47. axb5 Rxb5 48. Rc7+ Ke6 49. Ra7 Rf5+ 50. Kg4 Kd6 51. Ra6+ Kc7 52. h5 Rxh5 53. Ra7+ Kb6 54. Rxf7 Rc5 55. Rf3 Kb5 56. Kg3 a4 0-1

[Event "HUN-ch Rapid"]
[Site "Ajka"]
[Date "2023.07.23"]
[Round "10"]
[White "Popovics, Adam"]
[Black "Lauda, Alexandr"]
[Result "0-1"]
[WhiteElo "2373"]
[BlackElo "2108"]
[PlyCount "40"]
[EventDate "2023.07.21"]
[EventType "swiss (rapid)"]
[EventRounds "13"]
[EventCountry "HUN"]
[SourceTitle "CBM 215 Extra"]
[Source "ChessBase"]
[SourceDate "2023.09.30"]
[SourceVersion "1"]
[SourceVersionDate "2023.09.30"]
[SourceQuality "1"]

1. e4 c5 2. Nf3 Nc6 3. Bb5 g5 4. Nxg5 Nf6 5. d3 Nd4 6. Bc4 d5 7. exd5 b5 8. Bb3 Rg8 9. Be3 a5 10. c3 Nf5 11. Bf4 a4 12. Bc2 Nh4 13. g3 Ng2+ 14. Ke2 Rxg5 15. Bxg5 Qxd5 16. Rf1 Qxg5 17. Qd2 Qh5+ 18. f3 Qxh2 19. Kd1 Bh6 20. f4 Qxg3 0-1

[Event "St Veit op 42nd"]
[Site "St Veit"]
[Date "2023.07.11"]
[Round "5"]
[White "Heinisch, Wolfgang"]
[Black "Lauda, Alexandr"]
[Result "0-1"]
[WhiteElo "1837"]
[BlackElo "2108"]
[PlyCount "56"]
[EventDate "2023.07.08"]
[EventType "swiss"]
[EventRounds "9"]
[EventCountry "AUT"]
[SourceTitle "CBM 215 Extra"]
[Source "ChessBase"]
[SourceDate "2023.09.30"]
[SourceVersion "1"]
[SourceVersionDate "2023.09.30"]
[SourceQuality "1"]

1. e4 c5 2. Nc3 g6 3. f4 Bg7 4. Nf3 Nc6 5. Bb5 Nd4 6. 0-0 a6 7. Bd3 d6 8. Nxd4 cxd4 9. Ne2 Nf6 10. c3 e5 11. cxd4 exd4 12. Ng3 h5 13. f5 Ng4 14. h3 Be5 15. fxg6 fxg6 16. Qf3 Be6 17. Nf5 Nh2 18. Ng7+ Bxg7 19. Kxh2 Rf8 20. Qd1 Be5+ 21. Kg1 Qg5 22. Rxf8+ Kxf8 23. Qf3+ Kg8 24. Bc4 Bxc4 25. d3 Qh4 26. g3 Bxg3 27. Kg2 Be5 28. Bh6 Be6 0-1

[Event "Solta op 6th"]
[Site "Grohote"]
[Date "2023.07.03"]
[Round "7"]
[White "Lauda, Alexandr"]
[Black "Cupic, Lovro"]
[Result "1-0"]
[WhiteElo "2108"]
[BlackElo "2256"]
[PlyCount "61"]
[EventDate "2023.06.27"]
[EventType "swiss"]
[EventRounds "9"]
[EventCountry "CRO"]
[SourceTitle "EXT 2024"]
[Source "ChessBase"]
[SourceDate "2023.10.10"]
[SourceVersion "1"]
[SourceVersionDate "2023.10.10"]
[SourceQuality "1"]

1. e4 e5 2. Nf3 Nc6 3. Bb5 a6 4. Ba4 d6 5. c4 Bd7 6. Nc3 Nge7 7. 0-0 h6 8. d4 Nxd4 9. Bxd7+ Qxd7 10. Nxd4 exd4 11. Qxd4 Nc6 12. Qd1 g6 13. Nd5 Bg7 14. Be3 0-0 15. Bxh6 f5 16. Bxg7 Kxg7 17. exf5 Rxf5 18. Qd2 g5 19. f4 Raf8 20. g4 R5f7 21. f5 Ne5 22. Qxg5+ Kh8 23. h3 Rg8 24. Qh6+ Rh7 25. Qf6+ Rhg7 26. Nf4 Qc6 27. Rae1 Qc5+ 28. Kh1 Qc6+ 29. Kh2 Qe8 30. Ng6+ Kh7 31. Qh4# 1-0

[Event "SVK-ch Amateurs"]
[Site "Liptovsky Jan"]
[Date "2023.06.17"]
[Round "5"]
[White "Lauda, Alexandr"]
[Black "Sharan, Rao"]
[Result "0-1"]
[WhiteElo "2078"]
[BlackElo "2248"]
[PlyCount "56"]
[EventDate "2023.06.15"]
[EventType "swiss"]
[EventRounds "8"]
[EventCountry "SVK"]
[SourceTitle "CBM 214 Extra"]
[Source "ChessBase"]
[SourceDate "2023.07.31"]
[SourceVersion "1"]
[SourceVersionDate "2023.07.31"]
[SourceQuality "1"]

1. e4 e6 2. d4 d5 3. Nc3 Nf6 4. e5 Nfd7 5. Nf3 c5 6. dxc5 Bxc5 7. Bd3 Nc6 8. Bf4 f5 9. exf6 Qxf6 10. Bg5 Qf7 11. Bh4 h6 12. 0-0 0-0 13. Qe2 Nf6 14. a3 Nh5 15. Ne5 Nxe5 16. Qxe5 Nf4 17. Rad1 Bd7 18. Qc7 Rac8 19. Qxb7 Bb6 20. Bg3 Rb8 21. Qa6 Bc6 22. Bxf4 Qxf4 23. Kh1 Bc7 24. g3 Qf3+ 25. Kg1 Bb6 26. Be2 Bxf2+ 27. Rxf2 Qxf2+ 28. Kh1 Rb6 0-1

[Event "EU-ch 23rd"]
[Site "Vrnjacka Banja"]
[Date "2023.03.12"]
[Round "10"]
[White "Pogorelskikh, Sergey"]
[Black "Lauda, Alexandr"]
[Result "1-0"]
[WhiteElo "2203"]
[BlackElo "2084"]
[PlyCount "69"]
[EventDate "2023.03.03"]
[EventType "swiss"]
[EventRounds "11"]
[EventCountry "SRB"]
[SourceTitle "CBM 213"]
[Source "ChessBase"]
[SourceDate "2023.04.30"]
[SourceVersion "1"]
[SourceVersionDate "2023.04.30"]
[SourceQuality "1"]

1. e4 c5 2. Nf3 Nc6 3. d4 cxd4 4. Nxd4 e5 5. Nb5 d6 6. N1c3 a6 7. Na3 b5 8. Nd5 Nf6 9. Bg5 Be7 10. Bxf6 Bxf6 11. c4 Nd4 12. cxb5 Be6 13. Nc3 0-0 14. Bd3 Qa5 15. 0-0 Rfb8 16. Nc4 Qc7 17. b6 Qc6 18. b3 Bd8 19. Na4 Bxc4 20. Bxc4 Qxe4 21. Re1 Qc6 22. Rc1 d5 23. Rxe5 Bf6 24. Rxd5 Ne6 25. Rd6 Qe8 26. Bxe6 fxe6 27. Rcc6 Rd8 28. Rxd8 Rxd8 29. Rd6 Rb8 30. g3 Be5 31. Rd7 Qf8 32. b7 Qf5 33. Nc5 Rf8 34. Qe2 Kh8 35. Nxa6 1-0

[Event "EU-ch 23rd"]
[Site "Vrnjacka Banja"]
[Date "2023.03.11"]
[Round "9"]
[White "Tabakovski, Dino"]
[Black "Lauda, Alexandr"]
[Result "0-1"]
[WhiteElo "1692"]
[BlackElo "2084"]
[PlyCount "70"]
[EventDate "2023.03.03"]
[EventType "swiss"]
[EventRounds "11"]
[EventCountry "SRB"]
[SourceTitle "CBM 213"]
[Source "ChessBase"]
[SourceDate "2023.04.30"]
[SourceVersion "1"]
[SourceVersionDate "2023.04.30"]
[SourceQuality "1"]

1. d4 Nf6 2. c4 g6 3. Nc3 Bg7 4. e4 d6 5. Nf3 0-0 6. h3 c5 7. d5 e6 8. Bd3 Nbd7 9. 0-0 e5 10. a3 b6 11. b4 Nh5 12. Re1 h6 13. Rb1 f5 14. Nd2 f4 15. Nb5 Ndf6 16. bxc5 bxc5 17. Be2 Rf7 18. Bf3 Bf8 19. Nb3 Ng7 20. Bd2 a5 21. Bc3 a4 22. Nxc5 dxc5 23. Bxe5 Nfe8 24. d6 Qg5 25. Bxg7 Nxg7 26. e5 Bxh3 27. Bxa8 Bxg2 28. Bxg2 f3 29. Qxf3 Rxf3 30. Kf1 Rd3 31. Bd5+ Kh7 32. e6 Nf5 33. Be4 Rd2 34. e7 Ng3+ 35. Kg2 Nxe4+ 0-1

[Event "EU-ch 23rd"]
[Site "Vrnjacka Banja"]
[Date "2023.03.07"]
[Round "5"]
[White "Deveci, Huseyin Said"]
[Black "Lauda, Alexandr"]
[Result "1-0"]
[WhiteElo "1913"]
[BlackElo "2084"]
[PlyCount "21"]
[EventDate "2023.03.03"]
[EventType "swiss"]
[EventRounds "11"]
[EventCountry "SRB"]
[SourceTitle "CBM 213"]
[Source "ChessBase"]
[SourceDate "2023.04.30"]
[SourceVersion "1"]
[SourceVersionDate "2023.04.30"]
[SourceQuality "1"]

1. e4 e6 2. Nf3 Nc6 3. Bb5 Nf6 4. 0-0 Nxe4 5. Re1 Nd6 6. Ne5 Be7 7. Bf1 Nxe5 8. Rxe5 0-0 9. d4 Ne8 10. Bd3 Bf6 11. Nc3 1-0